Statistics for Football players with most appearances since 2000

Click here to take the quiz!

General Stats

  • This quiz has been taken 53 times
  • The average score is 11 of 20

Answer Stats

NNumber of gamesPlayers% Correct
5960Messi
98%
21085Ronaldo
96%
11102Buffon
88%
31039Casillas
73%
9933Iniesta
73%
16832Gerrard
71%
12874Lampard
69%
8937Ramos
69%
7950Xavi
69%
6946Ibrahimovic
61%
14865Rooney
57%
20820Terry
53%
4973Alves
51%
10879Cech
39%
18824Torres
35%
19822Barry
29%
17830Reina
14%
15840Kuyt
6%
11875Moutinho
2%
13869Simons
2%

Score Distribution

Percentile by Number Answered

Percent of People with Each Score

Your Score History

You have not taken this quiz